000 00681nam a2200241Ia 4500
003 OSt
005 20220926001040.0
006 a|||||r|||| 00| 0
007 ta
008 220923b |||||||| |||| 00| 0 eng d
037 _cGeneral Book
040 _aRTL
_cRTL
_beng
041 _2eng
_aeng
082 _aV26112.N7, L8
100 _aNibedon Nirmal
_948673
245 0 _aNagaland
_b The night of the guerrillas
260 _a New Delhi
_bLancers Publishers
_c1978
300 _a404p
_ccm.
500 _aAppendix: P 386-90
650 _aHistory of Uttar Pradesh
942 _hV26112.N7, L8
_cGB
_2CC
999 _c600300
_d600300